<?xml version="1.0" encoding="UTF-8"?>
<record
    xmlns:xsi="http://www.w3.org/2001/XMLSchema-instance"
    xsi:schemaLocation="http://www.loc.gov/MARC21/slim http://www.loc.gov/standards/marcxml/schema/MARC21slim.xsd"
    xmlns="http://www.loc.gov/MARC21/slim">

  <leader>01148nam a2200289   4500</leader>
  <controlfield tag="001">113388</controlfield>
  <controlfield tag="003">DR-UNIBE</controlfield>
  <controlfield tag="005">20250910062614.0</controlfield>
  <controlfield tag="008">250327b2002    dr ||||| |||| 00| 0 spa d</controlfield>
  <datafield tag="040" ind1=" " ind2=" ">
    <subfield code="a">BIBLIOTECA UNIBE</subfield>
    <subfield code="c">BIBLIOTECA UNIBE</subfield>
    <subfield code="e">rda</subfield>
    <subfield code="b">spa</subfield>
  </datafield>
  <datafield tag="041" ind1=" " ind2=" ">
    <subfield code="a">spa</subfield>
  </datafield>
  <datafield tag="082" ind1=" " ind2=" ">
    <subfield code="a">RD 364.3 F329r</subfield>
  </datafield>
  <datafield tag="245" ind1="0" ind2="0">
    <subfield code="a">Feminicidio en la Rep&#xFA;blica Dominicana : </subfield>
    <subfield code="b">un estudio de los casos ocurridos en los distritos judiciales de Santo Domingo y Santiago en el per&#xED;odo enero-diciembre del 2001</subfield>
  </datafield>
  <datafield tag="260" ind1=" " ind2=" ">
    <subfield code="a">Santo Domingo : </subfield>
    <subfield code="b">Asociaci&#xF3;n Dominicana Pro-Bienestar de la Familia  (PROFAMILIA), </subfield>
    <subfield code="c">2002</subfield>
  </datafield>
  <datafield tag="300" ind1=" " ind2=" ">
    <subfield code="a">201  p&#xE1;ginas</subfield>
  </datafield>
  <datafield tag="650" ind1=" " ind2="7">
    <subfield code="a">Violencia</subfield>
    <subfield code="2">lemb</subfield>
  </datafield>
  <datafield tag="650" ind1=" " ind2="7">
    <subfield code="a">Violencia contra la mujer</subfield>
    <subfield code="2">lemb</subfield>
  </datafield>
  <datafield tag="650" ind1=" " ind2="7">
    <subfield code="a">Delitos contra la mujer</subfield>
    <subfield code="2">lemb</subfield>
    <subfield code="9">5724</subfield>
  </datafield>
  <datafield tag="653" ind1=" " ind2=" ">
    <subfield code="a">Feminicidio</subfield>
  </datafield>
  <datafield tag="700" ind1=" " ind2=" ">
    <subfield code="a">Pola Zapico, Mar&#xED;a Jes&#xFA;s (Susi)</subfield>
    <subfield code="e">investigador</subfield>
    <subfield code="9">26214</subfield>
  </datafield>
  <datafield tag="700" ind1="1" ind2=" ">
    <subfield code="a">Flores Chang, Myrna</subfield>
    <subfield code="e">coordinador</subfield>
    <subfield code="9">193777</subfield>
  </datafield>
  <datafield tag="700" ind1="1" ind2=" ">
    <subfield code="a">Mata, Mildred</subfield>
    <subfield code="e">colaborador</subfield>
    <subfield code="9">195873</subfield>
  </datafield>
  <datafield tag="700" ind1="1" ind2=" ">
    <subfield code="a">Camilo, Janet</subfield>
    <subfield code="e">colaborador</subfield>
    <subfield code="9">195874</subfield>
  </datafield>
  <datafield tag="700" ind1="1" ind2=" ">
    <subfield code="a">Ramos, Ana Mar&#xED;a</subfield>
    <subfield code="e">revisi&#xF3;n de estilo</subfield>
    <subfield code="9">195875</subfield>
  </datafield>
  <datafield tag="700" ind1="1" ind2=" ">
    <subfield code="a">Caram, Magaly</subfield>
    <subfield code="e">presentaci&#xF3;n</subfield>
    <subfield code="9">147456</subfield>
  </datafield>
  <datafield tag="942" ind1=" " ind2=" ">
    <subfield code="2">ddc</subfield>
    <subfield code="c">BK</subfield>
  </datafield>
  <datafield tag="999" ind1=" " ind2=" ">
    <subfield code="c">113388</subfield>
    <subfield code="d">113388</subfield>
  </datafield>
  <datafield tag="952" ind1=" " ind2=" ">
    <subfield code="0">0</subfield>
    <subfield code="1">0</subfield>
    <subfield code="2">ddc</subfield>
    <subfield code="7">0</subfield>
    <subfield code="8">GEN-RD</subfield>
    <subfield code="a">Principal</subfield>
    <subfield code="d">2025-03-01</subfield>
    <subfield code="l">0</subfield>
    <subfield code="o">RD 364.3 F329r</subfield>
    <subfield code="p">250207</subfield>
    <subfield code="r">2025-04-02 09:26:29</subfield>
    <subfield code="t">Ej. 1</subfield>
    <subfield code="w">2025-04-02</subfield>
    <subfield code="y">BK</subfield>
  </datafield>
  <datafield tag="952" ind1=" " ind2=" ">
    <subfield code="0">0</subfield>
    <subfield code="1">0</subfield>
    <subfield code="2">ddc</subfield>
    <subfield code="7">0</subfield>
    <subfield code="8">GEN-RD</subfield>
    <subfield code="a">Principal</subfield>
    <subfield code="d">2025-03-23</subfield>
    <subfield code="l">0</subfield>
    <subfield code="o">RD 364.3 F329r</subfield>
    <subfield code="p">250512</subfield>
    <subfield code="r">2025-05-23 09:41:15</subfield>
    <subfield code="t">Ej. 2</subfield>
    <subfield code="w">2025-05-23</subfield>
    <subfield code="y">BK</subfield>
  </datafield>
</record>
